<?xml version="1.0" encoding="UTF-8"?>
<collection xmlns="http://www.loc.gov/MARC21/slim">
 <record>
  <leader>00531pamaa2200157   4500</leader>
  <controlfield tag="001">0000021097</controlfield>
  <controlfield tag="005">20070115090000.0</controlfield>
  <datafield tag="020" ind1="0" ind2="0">
   <subfield code="a">0192828185 (pbk) </subfield>
  </datafield>
  <datafield tag="090" ind1="0" ind2="0">
   <subfield code="a">PR1347 </subfield>
   <subfield code="b">HOP 1990</subfield>
  </datafield>
  <datafield tag="100" ind1="1" ind2="0">
   <subfield code="a">HOPKINS </subfield>
  </datafield>
  <datafield tag="245" ind1="1" ind2="0">
   <subfield code="a">Gerard Manley Hopkins : </subfield>
   <subfield code="b">selected letters  </subfield>
   <subfield code="c">edited by Catherine Phillips.</subfield>
  </datafield>
  <datafield tag="260" ind1="0" ind2="0">
   <subfield code="a">Oxford: </subfield>
   <subfield code="b">Oxford University Press,, </subfield>
   <subfield code="c">199..</subfield>
  </datafield>
  <datafield tag="300" ind1=" " ind2=" ">
   <subfield code="a">xxxiii, 343 p.; </subfield>
   <subfield code="c">20 cm.</subfield>
  </datafield>
  <datafield tag="610" ind1="1" ind2="0">
   <subfield code="a">Jesuits -- </subfield>
   <subfield code="x">Correspondence -- </subfield>
   <subfield code="z">England </subfield>
  </datafield>
  <datafield tag="650" ind1="0" ind2="0">
   <subfield code="a">Poets, English -- </subfield>
   <subfield code="x">Correspondence -- </subfield>
   <subfield code="y">19th century </subfield>
  </datafield>
  <datafield tag="700" ind1="1" ind2="1">
   <subfield code="a">Phillips, </subfield>
   <subfield code="h">Catherine </subfield>
  </datafield>
 </record>
</collection>
